00563nam a22001817a 450000500170000001000150001702000260003203500140005803700130007208200110008510000250009624500800012126000430020127000570024430000200030150000390032170000210036020171101124734.0 aENG-121026 c300.00a9789383147007 aEN-104558 bDBAD/PUB a158.12 aAgarwal,Suresh kumar aTotal health by meditation /cby Suresh Kumar Agarwal [and] Sohan Raj Tater aJaipurbCo-Operation Publicationc2013 aDhamani Market Ki Gali, Choura RastabJaipure302003 a216p.c23cm(Hb) aIncludes bibliographical reference aTater, Sohan Raj